[Event "XII Festival Magistrale"]
[Site "Porto San Giorgio ITA"]
[Date "2000.08.24"]
[Round "5"]
[White "Palac, Mladen"]
[Black "Naumkin, Igor"]
[Result "1/2-1/2"]
[WhiteElo "2573"]
[BlackElo "2440"]
[PlyCount "126"]
[EventDate "2000.08.20"]

1. e4 e5 2. Nf3 Nc6 3. Bb5 a6 4. Ba4 Nf6 5. d3 b5 6. Bb3 Be7 7. a4 Rb8 8. axb5
axb5 9. O-O O-O 10. Re1 d6 11. c3 h6 12. Nbd2 Re8 13. d4 Bf8 14. d5 Ne7 15. c4
c6 16. dxc6 Nxc6 17. cxb5 Nb4 18. Nc4 Be6 19. Bd2 Rxb5 20. Ba4 Rb8 21. Bxe8
Bxc4 22. Bxb4 Rxb4 23. Ba4 Rxb2 24. Rb1 Qb6 25. Rxb2 Qxb2 26. Qc2 Qxc2 27. Bxc2
g6 28. Rb1 Kg7 29. Rb7 Be6 30. Nd2 Nd7 31. f3 Nc5 32. Rb5 Bd7 33. Rb6 Be6 34.
Rb5 Bd7 35. Ra5 Be6 36. Kf1 d5 37. Nb3 Nb7 38. Ra7 Nd8 39. exd5 Bxd5 40. Rd7
Bc4+ 41. Bd3 Bxb3 42. Rxd8 h5 43. Ke2 Be6 44. Re8 Bd6 45. Rd8 Bc7 46. Ra8 e4
47. Bxe4 Bxh2 48. Ra5 Bc7 49. Ra4 g5 50. Bd3 h4 51. Bc4 Bxc4+ 52. Rxc4 Be5 53.
Kd3 Kg6 54. Ke4 f6 55. Rb4 Bg3 56. Rb5 Be5 57. Ra5 Bc7 58. Rb5 Be5 59. Rd5 Bg3
60. Rd8 Be5 61. Rb8 Bg3 62. Rg8+ Kf7 63. Ra8 Kg6 1/2-1/2

[Event "XII Festival Magistrale"]
[Site "Porto San Giorgio ITA"]
[Date "2000.08.24"]
[Round "5"]
[White "Rausis, Igors"]
[Black "Aldrovandi, Costantino"]
[Result "1-0"]
[WhiteElo "2551"]
[BlackElo "2351"]
[PlyCount "49"]
[EventDate "2000.08.20"]

1. e4 c5 2. Nf3 d6 3. d4 cxd4 4. Nxd4 Nf6 5. Nc3 g6 6. Be3 Bg7 7. f3 Nc6 8. Qd2
O-O 9. Bc4 Bd7 10. O-O-O Qb8 11. h4 Rc8 12. Bb3 a5 13. Ndb5 a4 14. Nxa4 Na5 15.
Qd3 Nxb3+ 16. axb3 d5 17. Nbc3 dxe4 18. fxe4 Bg4 19. Rd2 Bd7 20. Kb1 b5 21. Nb6
Bc6 22. Nxa8 Qxa8 23. Rhd1 h5 24. Qd8+ Kh7 25. Qxe7 1-0

[Event "XII Festival Magistrale"]
[Site "Porto San Giorgio ITA"]
[Date "2000.08.24"]
[Round "5"]
[White "Saccona, Silvano"]
[Black "Baquero, Luis A."]
[Result "1/2-1/2"]
[WhiteElo "2113"]
[BlackElo "2303"]
[PlyCount "49"]
[EventDate "2000.08.20"]

1. e4 c5 2. Nf3 d6 3. Nc3 Nf6 4. d3 g6 5. h3 Bg7 6. Be2 Nc6 7. O-O O-O 8. Be3
e5 9. Qd2 Nd4 10. Rab1 b6 11. Bg5 Bb7 12. Rfe1 Re8 13. Nh2 d5 14. Nf1 dxe4 15.
dxe4 h6 16. Bxh6 Nxe4 17. Nxe4 Bxe4 18. Bxg7 Kxg7 19. Bd3 Bxd3 20. Qxd3 Qg5 21.
c3 Ne6 22. Qg3 Qxg3 23. Nxg3 Nf4 24. Rbd1 Rad8 25. b3 1/2-1/2

[Event "XII Festival Magistrale"]
[Site "Porto San Giorgio ITA"]
[Date "2000.08.24"]
[Round "5"]
[White "Spasov, Vasil V."]
[Black "Mrdja, Milan"]
[Result "1/2-1/2"]
[WhiteElo "2593"]
[BlackElo "2431"]
[PlyCount "56"]
[EventDate "2000.08.20"]

1. e4 c5 2. Nf3 d6 3. d4 cxd4 4. Nxd4 Nf6 5. Nc3 a6 6. Be3 Ng4 7. Bg5 h6 8. Bh4
g5 9. Bg3 Bg7 10. Be2 h5 11. Bxg4 Bxg4 12. f3 Bd7 13. Bf2 Nc6 14. O-O Be5 15.
Nd5 Rb8 16. Nf5 b5 17. Nd4 Nxd4 18. Bxd4 Be6 19. Rf2 Bxd5 20. exd5 f6 21. Qd3
h4 22. a4 b4 23. Rd1 a5 24. Qf5 Rg8 25. c4 bxc3 26. Bxc3 Qd7 27. Qe4 Kf7 28.
Re2 Kg7 1/2-1/2

[Event "XII Festival Magistrale"]
[Site "Porto San Giorgio ITA"]
[Date "2000.08.24"]
[Round "5"]
[White "Termeulen, Albert"]
[Black "Cristiani, Cesare"]
[Result "1-0"]
[WhiteElo "2242"]
[BlackElo "2084"]
[PlyCount "93"]
[EventDate "2000.08.20"]

1. e4 e6 2. d4 d5 3. e5 c5 4. c3 Nc6 5. Nf3 Nge7 6. a3 Bd7 7. b4 cxd4 8. cxd4
b5 9. Nc3 Qb6 10. Be3 Nf5 11. Bd3 Nxe3 12. fxe3 g6 13. O-O Bh6 14. Qe1 O-O 15.
Nd1 a5 16. Nf2 Bg7 17. Ng4 f5 18. exf6 Bxf6 19. Nxf6+ Rxf6 20. Qh4 Rf7 21. Ng5
Rg7 22. Rf6 Ne7 23. Raf1 Nf5 24. Bxf5 gxf5 25. Rh6 Be8 26. Rxh7 Rxh7 27. Qxh7+
Kf8 28. Qh6+ Ke7 29. Qg7+ Kd8 30. Qf6+ Kd7 31. Rxf5 Qc6 32. Rf1 axb4 33. Nf3
Qc3 34. Ne5+ Kd6 35. Qf8+ Kc7 36. Qe7+ Kb6 37. Qxe6+ Ka5 38. axb4+ Kxb4 39.
Rb1+ Ka3 40. Qxd5 Rc8 41. Qf3 Ka2 42. Rd1 b4 43. Qe2+ Qc2 44. Rd2 b3 45. Rxc2+
Rxc2 46. Qa6+ Kb1 47. d5 1-0

[Event "XII Festival Magistrale"]
[Site "Porto San Giorgio ITA"]
[Date "2000.08.25"]
[Round "6"]
[White "Coratella, Giuseppe"]
[Black "Todorov, Todor"]
[Result "0-1"]
[WhiteElo "2077"]
[BlackElo "2481"]
[PlyCount "74"]
[EventDate "2000.08.20"]

1. e4 Nf6 2. e5 Nd5 3. d4 d6 4. c4 Nb6 5. exd6 cxd6 6. Nc3 g6 7. Be3 Bg7 8. Rc1
O-O 9. b3 e5 10. dxe5 dxe5 11. c5 N6d7 12. Bc4 Nc6 13. Nge2 Qh4 14. Nb5 Nf6 15.
Nd6 Ng4 16. Ng3 Nd4 17. Qd2 h6 18. Qd3 Be6 19. Nxb7 Kh7 20. Bxe6 Nxe6 21. Nd6
Nf4 22. Qe4 f5 23. Ndxf5 gxf5 24. Nxf5 Qf6 25. Ne7+ Ng6 26. Nd5 Qh4 27. g3 Qh5
28. c6 Nxh2 29. Kd2 Rad8 30. Kc3 Qg4 31. Qc4 e4+ 32. Kc2 Ne5 33. Qa6 Nxc6 34.
Rxh2 Rxd5 35. Kb1 Rf6 36. Qc4 Qe6 37. Rh4 Rg6 0-1

[Event "XII Festival Magistrale"]
[Site "Porto San Giorgio ITA"]
[Date "2000.08.25"]
[Round "6"]
[White "Iordachescu, Viorel"]
[Black "Managadze, Nikoloz"]
[Result "1-0"]
[WhiteElo "2594"]
[BlackElo "2456"]
[PlyCount "107"]
[EventDate "2000.08.20"]

1. e4 c5 2. Nf3 Nc6 3. d4 cxd4 4. Nxd4 Qb6 5. Nb3 Nf6 6. Nc3 e6 7. Bd3 d6 8. f4
a6 9. Qf3 Qc7 10. O-O Be7 11. Be3 O-O 12. Rae1 Bd7 13. g4 b5 14. g5 Ne8 15. Qh5
g6 16. Qh6 f6 17. f5 Ne5 18. fxe6 Bxe6 19. Nd4 Qd7 20. Nxe6 Qxe6 21. Nd5 Ng7
22. Be2 Rac8 23. c3 fxg5 24. Bxg5 Bxg5 25. Qxg5 Kh8 26. Qh4 Nf5 27. Qg5 Ng7 28.
Rxf8+ Rxf8 29. Rf1 Rxf1+ 30. Kxf1 Qf7+ 31. Qf6 Qxf6+ 32. Nxf6 Ne6 33. Ne8 Nc5
34. Nxd6 Kg7 35. b4 Na4 36. c4 bxc4 37. Nxc4 Nc6 38. a3 Nc3 39. Bg4 a5 40. bxa5
h5 41. Bc8 g5 42. Bb7 Na7 43. a6 Kf6 44. Kf2 Ke6 45. Ke3 Nd1+ 46. Kd4 Kd7 47.
e5 Nf2 48. Ne3 g4 49. Kc5 Kc7 50. Nd5+ Kb8 51. Nf4 h4 52. e6 Nc8 53. Bxc8 Kxc8
54. e7 1-0

[Event "XII Festival Magistrale"]
[Site "Porto San Giorgio ITA"]
[Date "2000.08.25"]
[Round "6"]
[White "Kleinschroth, Roland"]
[Black "De Santis, Alessio"]
[Result "1/2-1/2"]
[WhiteElo "2188"]
[BlackElo "2309"]
[PlyCount "68"]
[EventDate "2000.08.20"]

1. e4 c5 2. Nc3 e6 3. f4 Qc7 4. d3 a6 5. g3 Nc6 6. Bg2 b5 7. Nf3 Bb7 8. O-O Be7
9. a4 b4 10. Ne2 Nf6 11. h3 h6 12. Kh2 d5 13. e5 Nd7 14. c3 a5 15. d4 Ba6 16.
f5 g5 17. fxg6 fxg6 18. Nf4 Nf8 19. Rf2 O-O-O 20. Be3 c4 21. Qd2 Kb8 22. Raf1
Bc8 23. Nh4 Rg8 24. Nf3 b3 25. Ne2 g5 26. g4 Bd7 27. h4 Nh7 28. hxg5 hxg5 29.
Kg1 Be8 30. Ng3 Rd7 31. Qc1 Bd8 32. Ne1 Rdg7 33. Qd2 Qd7 34. Qe2 Rf7 1/2-1/2

[Event "XII Festival Magistrale"]
[Site "Porto San Giorgio ITA"]
[Date "2000.08.25"]
[Round "6"]
[White "Lazarev, Vladimir"]
[Black "Isonzo, David"]
[Result "1-0"]
[WhiteElo "2478"]
[BlackElo "2250"]
[PlyCount "56"]
[EventDate "2000.08.20"]

1. d4 Nf6 2. c4 e6 3. Nc3 Bb4 4. Qc2 O-O 5. a3 Bxc3+ 6. Qxc3 b6 7. Bg5 Ba6 8.
e3 d6 9. Bd3 Nbd7 10. Ne2 h6 11. Bh4 c5 12. Qc2 Rc8 13. Qa4 Bb7 14. O-O cxd4
15. exd4 Qc7 16. Nc3 Qc6 17. Qxc6 Bxc6 18. b4 Rfe8 19. f3 a6 20. Rfc1 Bb7 21.
Rab1 Rc7 22. a4 Rec8 23. Bf2 Rxc4 24. Bxc4 Rxc4 25. Nd1 Rxc1 26. Rxc1 Nd5 27.
b5 Kf8 28. Ne3 Ke7 1-0

[Event "XII Festival Magistrale"]
[Site "Porto San Giorgio ITA"]
[Date "2000.08.25"]
[Round "6"]
[White "Miezis, Normunds"]
[Black "Spasov, Vasil V."]
[Result "1/2-1/2"]
[WhiteElo "2518"]
[BlackElo "2593"]
[PlyCount "52"]
[EventDate "2000.08.20"]

1. c4 g6 2. Nc3 Bg7 3. g3 Nf6 4. Bg2 O-O 5. e4 c5 6. Nge2 Nc6 7. a3 d6 8. Rb1
a5 9. O-O Bg4 10. h3 Bxe2 11. Nxe2 Ne8 12. d3 Nc7 13. Nc3 Rb8 14. a4 Ne6 15. f4
Ned4 16. Kh2 f5 17. Be3 Kh8 18. Qd2 e5 19. Nd5 exf4 20. Bxf4 Ne5 21. Be3 Qd7
22. Bxd4 cxd4 23. b3 Nc6 24. Rf2 fxe4 25. Bxe4 Rxf2+ 26. Qxf2 Rf8 1/2-1/2

[Event "XII Festival Magistrale"]
[Site "Porto San Giorgio ITA"]
[Date "2000.08.25"]
[Round "6"]
[White "Mosconi, Tiziano"]
[Black "Borgiani, Flavio"]
[Result "0-1"]
[WhiteElo "2111"]
[BlackElo "2222"]
[PlyCount "82"]
[EventDate "2000.08.20"]

1. e4 c5 2. Nf3 e6 3. c3 a6 4. d4 d5 5. e5 Nc6 6. Bd3 Qb6 7. O-O cxd4 8. cxd4
Bd7 9. Bc2 Nb4 10. Bb3 Bb5 11. Re1 Nd3 12. Re3 Nxc1 13. Qxc1 g6 14. Rc3 Bh6 15.
Nbd2 Ne7 16. g4 O-O 17. g5 Bg7 18. a4 Bc6 19. Nf1 Nf5 20. Qf4 Rfc8 21. Ne3 Bd7
22. Rd3 Nxe3 23. Rxe3 Qb4 24. h3 Qf8 25. Nh2 h5 26. gxh6 Bxh6 27. Qh4 Bxe3 28.
Ng4 Qd8 29. Nf6+ Kg7 30. fxe3 Bc6 31. Qh7+ Kf8 32. Rf1 Be8 33. Ng8 Qg5+ 34. Kh1
Qxe3 35. Bd1 Rc1 36. Nf6 Ke7 37. Ng8+ Kd8 38. Qh4+ g5 39. Qg4 Qe4+ 40. Qxe4
dxe4 41. Nf6 Bxa4 0-1

[Event "XII Festival Magistrale"]
[Site "Porto San Giorgio ITA"]
[Date "2000.08.25"]
[Round "6"]
[White "Rago, Riccardo"]
[Black "Saccona, Silvano"]
[Result "1/2-1/2"]
[WhiteElo "2209"]
[BlackElo "2113"]
[PlyCount "39"]
[EventDate "2000.08.20"]

1. e4 c6 2. d4 d5 3. Nd2 dxe4 4. Nxe4 Nf6 5. Ng3 e5 6. Nf3 exd4 7. Qxd4 Qxd4 8.
Nxd4 Bc5 9. Nb3 Bb6 10. Be2 Be6 11. O-O O-O 12. h3 Nbd7 13. c3 Rfe8 14. Nd2 Ne5
15. Nf3 Nxf3+ 16. Bxf3 h6 17. Rd1 Rad8 18. Rxd8 Rxd8 19. Nf1 Bd5 20. Bxd5
1/2-1/2

[Event "XII Festival Magistrale"]
[Site "Porto San Giorgio ITA"]
[Date "2000.08.25"]
[Round "6"]
[White "Razuvaev, Yuri S."]
[Black "Maier, Christian"]
[Result "1-0"]
[WhiteElo "2555"]
[BlackElo "2351"]
[PlyCount "66"]
[EventDate "2000.08.20"]

1. d4 Nf6 2. c4 g6 3. Nc3 Bg7 4. e4 d6 5. f3 O-O 6. Nge2 b6 7. Bg5 c5 8. d5 h6
9. Be3 e6 10. Ng3 exd5 11. cxd5 Ba6 12. Bxa6 Nxa6 13. O-O Qd7 14. Rc1 Rfe8 15.
b3 Nc7 16. h3 Nb5 17. Nce2 Na3 18. Bd2 h5 19. Bc3 h4 20. Nh1 Qb5 21. Re1 Nh5
22. Bxg7 Kxg7 23. Qd2 Qa5 24. Qb2+ Kg8 25. Nf2 b5 26. Ng4 b4 27. Nh6+ Kf8 28.
Nf5 gxf5 29. Qh8+ Ke7 30. Qxh5 Rh8 31. Qxf5 Nb5 32. e5 Rag8 33. Nf4 Nc3 1-0

[Event "XII Festival Magistrale"]
[Site "Porto San Giorgio ITA"]
[Date "2000.08.25"]
[Round "6"]
[White "Satta, Vladimiro"]
[Black "Iotti, Pierluigi"]
[Result "0-1"]
[WhiteElo "2222"]
[BlackElo "2294"]
[PlyCount "82"]
[EventDate "2000.08.20"]

1. e4 e6 2. d4 d5 3. Nd2 Nf6 4. e5 Nfd7 5. Bd3 c5 6. c3 Nc6 7. Ne2 cxd4 8. cxd4
Nb6 9. a3 a5 10. b3 Bd7 11. O-O Be7 12. Bb2 O-O 13. Rc1 a4 14. b4 Rc8 15. f4 f5
16. exf6 Bxf6 17. Nf3 Be8 18. Ne5 Bxe5 19. dxe5 Bh5 20. f5 Nc4 21. Bxc4 dxc4
22. Qxd8 Nxd8 23. Nd4 exf5 24. e6 Rc7 25. Rce1 Re8 26. Bc1 c3 27. h3 Bg6 28.
Bf4 Rc4 29. Be5 c2 30. Rc1 Nxe6 31. Nb5 Re4 32. Bb2 Re2 33. Nd6 Rd8 34. Nxf5
Bxf5 35. Rxf5 Rdd2 36. Ra5 Rxg2+ 37. Kf1 Rgf2+ 38. Kg1 Nf4 39. Be5 Rg2+ 40. Kh1
Rh2+ 41. Kg1 Rdg2+ 0-1

[Event "XII Festival Magistrale"]
[Site "Porto San Giorgio ITA"]
[Date "2000.08.25"]
[Round "6"]
[White "Savchenko, Stanislav"]
[Black "Chatalbashev, Boris"]
[Result "1/2-1/2"]
[WhiteElo "2579"]
[BlackElo "2494"]
[PlyCount "21"]
[EventDate "2000.08.20"]

1. d4 g6 2. c4 Bg7 3. e4 c5 4. d5 d6 5. Nf3 e6 6. Bd3 exd5 7. cxd5 Bg4 8. Nbd2
Nf6 9. O-O O-O 10. Re1 Nbd7 11. Qb3 1/2-1/2

[Event "XII Festival Magistrale"]
[Site "Porto San Giorgio ITA"]
[Date "2000.08.25"]
[Round "6"]
[White "Tocchioni, Doriano"]
[Black "Borgo, Giulio"]
[Result "1-0"]
[WhiteElo "2250"]
[BlackElo "2391"]
[PlyCount "61"]
[EventDate "2000.08.20"]

1. d4 d5 2. Nf3 c6 3. c4 e6 4. g3 Nd7 5. Qc2 g6 6. Bg2 Bg7 7. O-O Ne7 8. Bf4
O-O 9. Nbd2 Nf5 10. Nb3 a5 11. Rad1 b6 12. e4 Ne7 13. Rfe1 Ba6 14. Nbd2 Rc8 15.
Bh3 h6 16. Bd6 Re8 17. c5 bxc5 18. dxc5 Ra8 19. Nb3 Nc8 20. Nbd4 Nxd6 21. cxd6
Nb8 22. Nxc6 Qxd6 23. exd5 Nxc6 24. dxc6 Qb4 25. b3 Rac8 26. Ne5 Bb5 27. a3 Qe7
28. Rd7 Qf6 29. Rxf7 Qg5 30. f4 Bxe5 31. Rxe5 1-0

[Event "XII Festival Magistrale"]
[Site "Porto San Giorgio ITA"]
[Date "2000.08.25"]
[Round "6"]
[White "Tomescu, Vlad"]
[Black "Palac, Mladen"]
[Result "1/2-1/2"]
[WhiteElo "2432"]
[BlackElo "2573"]
[PlyCount "63"]
[EventDate "2000.08.20"]

1. e4 c5 2. Nc3 d6 3. Nf3 Nf6 4. d4 cxd4 5. Nxd4 a6 6. Bc4 e6 7. Bb3 b5 8. a3
Nbd7 9. f3 Nc5 10. Be3 Qc7 11. Qd2 Be7 12. g4 Nfd7 13. O-O-O Nb6 14. Kb1 O-O
15. h4 Rd8 16. g5 d5 17. e5 Bd7 18. h5 Be8 19. Rdg1 Nc4 20. Bxc4 dxc4 21. Qh2
Bf8 22. f4 Rab8 23. f5 b4 24. axb4 Rxb4 25. g6 exf5 26. Nxf5 Na4 27. Nxa4 Rxa4
28. gxf7+ Bxf7 29. e6 Qa5 30. Nh6+ Kh8 31. Nxf7+ Kg8 32. Nh6+ 1/2-1/2

[Event "XII Festival Magistrale"]
[Site "Porto San Giorgio ITA"]
[Date "2000.08.27"]
[Round "7"]
[White "Borgiani, Flavio"]
[Black "Safranska, Anda"]
[Result "0-1"]
[WhiteElo "2222"]
[BlackElo "2337"]
[PlyCount "66"]
[EventDate "2000.08.20"]

1. b3 e5 2. Bb2 Nc6 3. c4 g6 4. e3 Bg7 5. Nf3 d6 6. d3 f5 7. Nbd2 Nf6 8. a3 O-O
9. Qc2 h6 10. Be2 a5 11. O-O g5 12. g3 Qe8 13. Ne1 f4 14. Ng2 fxe3 15. fxe3 Qg6
16. Bf3 Bf5 17. Bxc6 bxc6 18. e4 Bh3 19. Nf3 Ng4 20. Rae1 Rf7 21. Bc1 Raf8 22.
Qe2 Qh5 23. a4 Nf6 24. Nd2 Bg4 25. Qe3 c5 26. h4 gxh4 27. gxh4 Kh7 28. Qg3 Rg8
29. Ne3 Bf8 30. Kh1 Bf3+ 31. Rxf3 Rxg3 32. Rxg3 Qxh4+ 33. Kg2 Nh5 0-1

[Event "XII Festival Magistrale"]
[Site "Porto San Giorgio ITA"]
[Date "2000.08.27"]
[Round "7"]
[White "Borgo, Giulio"]
[Black "Kleinschroth, Roland"]
[Result "1-0"]
[WhiteElo "2391"]
[BlackElo "2188"]
[PlyCount "37"]
[EventDate "2000.08.20"]

1. e4 e5 2. Nf3 Nc6 3. Bb5 Bc5 4. O-O Nf6 5. c3 O-O 6. d4 Bb6 7. Bg5 h6 8. Bh4
d6 9. Qd3 Bd7 10. Nbd2 Qe7 11. a4 a6 12. Bxc6 Bxc6 13. Nc4 g5 14. Nxb6 cxb6 15.
d5 Bd7 16. Nxg5 hxg5 17. Bxg5 Kh7 18. Qg3 Rg8 19. Qh4+ 1-0

[Event "XII Festival Magistrale"]
[Site "Porto San Giorgio ITA"]
[Date "2000.08.27"]
[Round "7"]
[White "De Santis, Alessio"]
[Black "Monteleone, Antonio"]
[Result "1-0"]
[WhiteElo "2309"]
[BlackElo "2179"]
[PlyCount "59"]
[EventDate "2000.08.20"]

1. d4 d5 2. c4 e6 3. Nc3 c6 4. g3 Nf6 5. Bg2 Nbd7 6. Nf3 Be7 7. O-O O-O 8. Qc2
dxc4 9. e4 b5 10. Rd1 Bb7 11. a3 h6 12. h3 a6 13. g4 Qc7 14. g5 hxg5 15. Nxg5
e5 16. dxe5 Nxe5 17. f4 Nd3 18. e5 Nd5 19. Nxd5 cxd5 20. Rxd3 Bxg5 21. fxg5
Qxe5 22. Rd1 Rad8 23. Qf2 Bc8 24. Bf4 Qf5 25. Bc7 Qxg5 26. Bxd8 Rxd8 27. h4 Qg6
28. Rd4 Rd6 29. Rad1 Bg4 30. R1d2 1-0

[Event "XII Festival Magistrale"]
[Site "Porto San Giorgio ITA"]
[Date "2000.08.27"]
[Round "7"]
[White "Faybish, Nimrod"]
[Black "Mrdja, Milan"]
[Result "1/2-1/2"]
[WhiteElo "2211"]
[BlackElo "2431"]
[PlyCount "49"]
[EventDate "2000.08.20"]

1. e4 c5 2. Nf3 d6 3. d4 cxd4 4. Nxd4 Nf6 5. Nc3 a6 6. Bc4 e6 7. Bb3 Nbd7 8. f4
Nc5 9. e5 Nfd7 10. exd6 Nf6 11. Be3 Bxd6 12. Qf3 O-O 13. O-O-O Qc7 14. Kb1 Bd7
15. g4 Nxb3 16. cxb3 e5 17. fxe5 Bxe5 18. Rhg1 Bxd4 19. Bxd4 Bc6 20. Qf5 Nd7
21. Bxg7 Kxg7 22. Qg5+ Kh8 23. Rxd7 Qxd7 24. Qf6+ Kg8 25. Qg5+ 1/2-1/2

[Event "XII Festival Magistrale"]
[Site "Porto San Giorgio ITA"]
[Date "2000.08.27"]
[Round "7"]
[White "Iotti, Pierluigi"]
[Black "Tomescu, Vlad"]
[Result "0-1"]
[WhiteElo "2294"]
[BlackElo "2432"]
[PlyCount "75"]
[EventDate "2000.08.20"]

1. d4 Nf6 2. Nf3 g6 3. g3 Bg7 4. Bg2 O-O 5. O-O d6 6. c4 c6 7. Nc3 Nbd7 8. b3
Re8 9. Bb2 e5 10. e4 exd4 11. Nxd4 Nc5 12. Re1 a5 13. Qd2 Qb6 14. Rab1 Ng4 15.
Nf3 Ne5 16. Nxe5 dxe5 17. Qe3 Be6 18. Ba3 Bf8 19. Rbc1 Qa7 20. Bb2 f6 21. h4
Qb6 22. Ba3 Qa7 23. Bb2 a4 24. b4 a3 25. Ba1 Na6 26. b5 Qxe3 27. Rxe3 Nb4 28.
bxc6 bxc6 29. Rb1 Bxc4 30. Bf1 Be6 31. Re2 Red8 32. f4 Rd3 33. Kh2 Rad8 34. Bh3
Bf7 35. fxe5 fxe5 36. Rbe1 Bc5 37. Nb1 Bd4 38. Nxa3 0-1

[Event "XII Festival Magistrale"]
[Site "Porto San Giorgio ITA"]
[Date "2000.08.27"]
[Round "7"]
[White "Isonzo, David"]
[Black "Perissinotto, Claudio"]
[Result "1-0"]
[WhiteElo "2250"]
[BlackElo "2130"]
[PlyCount "55"]
[EventDate "2000.08.20"]

1. e4 d6 2. d4 Nf6 3. Nc3 g6 4. Be3 c6 5. Qd2 b5 6. Bd3 Bb7 7. Nf3 Bg7 8. h3
O-O 9. O-O Re8 10. Bh6 Bh8 11. e5 dxe5 12. dxe5 Nd5 13. Rad1 Nxc3 14. Qxc3 Nd7
15. Qe1 e6 16. Qe3 Qc7 17. Rfe1 a6 18. Re2 c5 19. Be4 Bxe4 20. Qxe4 Nb6 21. Qh4
Rad8 22. Rde1 Rd5 23. Nh2 Nd7 24. Ng4 f5 25. exf6 Rh5 26. Rxe6 Rxe6 27. Rxe6
Nxf6 28. Nxf6+ 1-0

[Event "XII Festival Magistrale"]
[Site "Porto San Giorgio ITA"]
[Date "2000.08.27"]
[Round "7"]
[White "Kuipers, Eelco"]
[Black "Aldrovandi, Costantino"]
[Result "0-1"]
[WhiteElo "2271"]
[BlackElo "2351"]
[PlyCount "70"]
[EventDate "2000.08.20"]

1. e4 c5 2. Nf3 d6 3. d3 Nc6 4. g3 g6 5. Bg2 Bg7 6. O-O e5 7. Nbd2 Nge7 8. a4
O-O 9. Ne1 Be6 10. c3 Qd7 11. Nc2 f5 12. b4 f4 13. b5 Na5 14. Bb2 g5 15. d4 Qc8
16. d5 Bd7 17. Na3 Rf6 18. Nac4 Nxc4 19. Nxc4 Ng6 20. f3 h5 21. Kf2 g4 22. Ke1
Bh6 23. Qe2 fxg3 24. hxg3 h4 25. fxg4 Bxg4 26. Rxf6 Bxe2 27. Rxg6+ Kh7 28. Nxd6
Qf8 29. Kxe2 Kxg6 30. Nf5 hxg3 31. Rh1 Bf4 32. Rh4 a6 33. Rg4+ Kf7 34. Bf1 axb5
35. axb5 Ra2 0-1

[Event "XII Festival Magistrale"]
[Site "Porto San Giorgio ITA"]
[Date "2000.08.27"]
[Round "7"]
[White "Maier, Christian"]
[Black "Efimov, Igor"]
[Result "1-0"]
[WhiteElo "2351"]
[BlackElo "2520"]
[PlyCount "65"]
[EventDate "2000.08.20"]

1. e4 c6 2. Nc3 d5 3. Nf3 g6 4. d4 Bg7 5. h3 Nf6 6. e5 Ne4 7. Bd3 Nxc3 8. bxc3
c5 9. dxc5 Qa5 10. O-O Nc6 11. Re1 O-O 12. Rb1 a6 13. Rb3 Qc7 14. Qe2 f6 15. e6
f5 16. c4 d4 17. g4 fxg4 18. Ng5 Ne5 19. hxg4 Qxc5 20. f4 Nxd3 21. Rxd3 b5 22.
cxb5 Bb7 23. Qh2 h6 24. Nf7 Qd5 25. f5 Rac8 26. Bxh6 Rxc2 27. Bd2 gxf5 28. gxf5
Rxd2 29. Rxd2 d3 30. Qh5 axb5 31. Re3 Rc8 32. Nh6+ Kh8 33. Ng4+ 1-0

[Event "XII Festival Magistrale"]
[Site "Porto San Giorgio ITA"]
[Date "2000.08.27"]
[Round "7"]
[White "Managadze, Nikoloz"]
[Black "Foisor, Cristina-Adela"]
[Result "1/2-1/2"]
[WhiteElo "2456"]
[BlackElo "2386"]
[PlyCount "102"]
[EventDate "2000.08.20"]

1. e4 d6 2. d4 Nf6 3. Nc3 g6 4. Bg5 c6 5. Nf3 Bg4 6. h3 Bxf3 7. Qxf3 Nbd7 8.
O-O-O Qa5 9. Bd2 Qc7 10. g4 Bg7 11. h4 h5 12. g5 Nh7 13. Qe3 e5 14. Ne2 O-O 15.
f4 exf4 16. Nxf4 a5 17. Bd3 b5 18. c3 b4 19. Bc2 Nb6 20. Qd3 Rfe8 21. Rhf1 Nf8
22. cxb4 axb4 23. Bb3 Re7 24. Kb1 c5 25. Nd5 Nxd5 26. Bxd5 Rae8 27. dxc5 dxc5
28. Bf4 Be5 29. Bxe5 Qxe5 30. Rf6 Ne6 31. Rdf1 Rf8 32. Qf3 Kh8 33. Qf2 Rd8 34.
Bxe6 Rxe6 35. Rxf7 Ree8 36. Ka1 Qd4 37. Qf3 c4 38. Rc7 c3 39. bxc3 bxc3 40.
Qxc3 Qxc3+ 41. Rxc3 Rxe4 42. Rc6 Rxh4 43. Rxg6 Rh2 44. Ra6 h4 45. a4 h3 46. Rb1
Rd7 47. Rh6+ Kg7 48. Rb2 Rxb2 49. Kxb2 Rd3 50. a5 Rd5 51. a6 Ra5 1/2-1/2

[Event "XII Festival Magistrale"]
[Site "Porto San Giorgio ITA"]
[Date "2000.08.27"]
[Round "7"]
[White "Orlov, Andrey"]
[Black "Lazarev, Vladimir"]
[Result "1/2-1/2"]
[WhiteElo "2367"]
[BlackElo "2478"]
[PlyCount "31"]
[EventDate "2000.08.20"]

1. e4 c5 2. Nc3 Nc6 3. g3 g6 4. Bg2 Bg7 5. d3 Rb8 6. Be3 b5 7. Qd2 b4 8. Nd1 d6
9. h3 e5 10. Ne2 Nd4 11. c3 bxc3 12. bxc3 Ne6 13. O-O Ne7 14. Bh6 O-O 15. Bxg7
Nxg7 16. Ne3 1/2-1/2

[Event "XII Festival Magistrale"]
[Site "Porto San Giorgio ITA"]
[Date "2000.08.27"]
[Round "7"]
[White "Palac, Mladen"]
[Black "Gorbatov, Alexej"]
[Result "1-0"]
[WhiteElo "2573"]
[BlackElo "2411"]
[PlyCount "55"]
[EventDate "2000.08.20"]

1. e4 e5 2. Nf3 Nc6 3. d4 exd4 4. Nxd4 Nxd4 5. Qxd4 Ne7 6. Bc4 Nc6 7. Qd5 Qe7
8. O-O Ne5 9. Be2 c6 10. Qd2 Qh4 11. f4 Bc5+ 12. Kh1 Ng4 13. Bxg4 Qxg4 14. Rf3
b6 15. b4 Bf8 16. Bb2 a5 17. b5 Qh5 18. Nc3 Bb7 19. f5 f6 20. Na4 cxb5 21. Nxb6
Rd8 22. Nd5 Kf7 23. Nf4 Qg4 24. Rg3 Qh4 25. Ne6 Re8 26. Qxd7+ Re7 27. Qxb5 Qxe4
28. Ba3 1-0

[Event "XII Festival Magistrale"]
[Site "Porto San Giorgio ITA"]
[Date "2000.08.27"]
[Round "7"]
[White "Rago, Riccardo"]
[Black "Grigore, George-Gabriel"]
[Result "0-1"]
[WhiteElo "2209"]
[BlackElo "2508"]
[PlyCount "102"]
[EventDate "2000.08.20"]

1. e4 c5 2. Nf3 Nc6 3. d4 cxd4 4. Nxd4 e5 5. Nb5 d6 6. c4 Be7 7. N1c3 a6 8. Na3
Be6 9. Be3 Bg5 10. Nc2 Bxe3 11. Nxe3 Nf6 12. Be2 O-O 13. O-O Nd4 14. Bd3 Rc8
15. Kh1 b5 16. b3 Qa5 17. Rc1 b4 18. Ne2 Nc6 19. Qd2 Nd7 20. Bb1 Nc5 21. f4 f6
22. f5 Bf7 23. g4 Kh8 24. Rf3 Qd8 25. Rg1 a5 26. h4 a4 27. Nd5 axb3 28. axb3
Ra8 29. Rfg3 Ra3 30. g5 Nxb3 31. Qb2 Nbd4 32. gxf6 gxf6 33. Nxd4 Nxd4 34. Qxb4
Rxg3 35. Rxg3 Bxd5 36. cxd5 Rg8 37. Qe1 Rxg3 38. Qxg3 Qb8 39. Bd3 Qb3 40. Kh2
Qc3 41. Kh3 Qc1 42. Kg2 Qd2+ 43. Kh3 Nb3 44. Bf1 Nc5 45. Bg2 Nd3 46. Kh2 Nf4
47. Qf3 Kg7 48. Qf1 Kf8 49. Kg3 Ne2+ 50. Kg4 h5+ 51. Kh3 Qd3+ 0-1

[Event "XII Festival Magistrale"]
[Site "Porto San Giorgio ITA"]
[Date "2000.08.27"]
[Round "7"]
[White "Saccona, Silvano"]
[Black "Satta, Vladimiro"]
[Result "1/2-1/2"]
[WhiteElo "2113"]
[BlackElo "2222"]
[PlyCount "83"]
[EventDate "2000.08.20"]

1. e4 d6 2. Nf3 Nf6 3. Nc3 g6 4. g3 Bg7 5. Bg2 O-O 6. O-O c5 7. Rb1 Nc6 8. d3
Rb8 9. h3 b5 10. Re1 b4 11. Ne2 Qa5 12. Ra1 Nd7 13. Nd2 Qc7 14. Kh2 Nb6 15. f4
Na4 16. Rb1 Be6 17. b3 Nb6 18. Nf3 Bd7 19. f5 gxf5 20. Nf4 fxe4 21. dxe4 Nd4
22. Nh5 Nxf3+ 23. Qxf3 Be6 24. Nxg7 Kxg7 25. Qh5 Kh8 26. e5 d5 27. Rf1 Rg8 28.
Rf4 Rg7 29. Rh4 f5 30. Bh6 Rf7 31. Bf4 Qd7 32. Qe2 d4 33. Rh6 Nd5 34. Bxd5 Qxd5
35. Qa6 Rb6 36. Qxa7 Qe4 37. Rg1 Bd5 38. h4 Qe2+ 39. Kh3 Qg4+ 40. Kh2 Rxh6 41.
Bxh6 Rf8 42. Qxe7 1/2-1/2